[Event "10th LCC FIDE Open 2018"]
[Site "London"]
[Date "2018.12.12"]
[Round "4"]
[White "Mihalik, Agoston"]
[Black "Edwards, Simon R"]
[Result "1/2-1/2"]
[WhiteElo "2220"]
[BlackElo "1931"]
[Annotator "NA"]
[PlyCount "73"]
[EventDate "2018.12.09"]
[EventType "swiss"]
[EventCountry "ENG"]
[SourceTitle "playchess.com"]
[Source "ChessBase"]
[SourceQuality "1"]
[TimeControl "40/5400+30:1800+30"]

1. e4 {[%emt 0:00:00]} c5 {[%emt 0:00:00]} 2. Nf3 {[%emt 0:00:00]} d6 {[%emt 0:00:06]} 3. Bb5+ {[%emt 0:00:06]} Nc6 {[%emt 0:00:05]} 4. O-O {[%emt 0:00:20]} Bd7 {[%emt 0:00:04]} 5. Re1 {[%emt 0:00:38]} g6 {[%emt 0:00:44] B51: Sicilian: Moscow Variation (3 Bb5+) without 3...Bd7} (5... Nf6 6. c3 a6 7. Bc4 Bg4 8. d4 cxd4 9. cxd4 Bxf3 10. gxf3 Rc8 11. Nc3 e5 12. Be3 Nxd4 13. Bf1 Ne6 14. Qb3 {½-½ (30) Bartel,M (2600)-Naiditsch,A (2736) Germany 2018}) 6. Bxc6 {[%emt 0:05:49]} Bxc6 {[%emt 0:00:07]} 7. d4 {[%emt 0:00:18]} cxd4 {[%emt 0:00:19]} 8. Qxd4 {[%emt 0:01:41]} Nf6 {[%emt 0:00:17]} 9. e5 {[%emt 0:22:43]} dxe5 {[%emt 0:05:22]} 10. Qxd8+ {[%emt 0:02:19] Rb8 [%emt 00:00:08] Qc8+ Rxc8 [%clk 01:27:48] Nxe5 [%clk 01:01:28] [%emt 00:00:08]} Rxd8 {[%emt 0:00:08]} 11. Nxe5 {[%emt 0:00:08]} Rc8 $146 {[%emt 0:03:20]} ({Predecessor:} 11... Be4 12. c4 Bg7 13. Nc3 Bf5 14. Be3 a6 15. Bb6 {½-½ (30) Van Tricht,M (2384)-Portych,V (2082) ICCF email 2015}) 12. c4 {[%emt 0:14:29]} Bg7 {[%emt 0:01:56]} 13. Nc3 {[%emt 0:09:15]} e6 {[%emt 0:05:40]} 14. Be3 {[%emt 0:06:43]} a6 {[%emt 0:04:06]} 15. Rac1 {[%emt 0:07:06]} Ne4 {[%emt 0:09:48]} (15... Nd7 $11 {keeps the balance.} 16. Nxc6 Rxc6) 16. Nxe4 {[%emt 0:08:30]} (16. Nxc6 $16 Nxc3 17. Na7 (17. bxc3 Rxc6 18. c5 O-O $15) 17... Rxc4 18. bxc3) 16... Bxe5 {[%emt 0:00:27]} 17. f4 {[%emt 0:01:26]} f5 {[%emt 0:04:12]} 18. fxe5 {[%emt 0:04:08]} Bxe4 {[%emt 0:00:05]} 19. Bh6 {[%emt 0:00:45]} Kf7 {[%emt 0:01:01]} 20. Bg5 {[%emt 0:00:15]} Rc7 {[%emt 0:04:22]} 21. b3 {[%emt 0:04:50]} Rhc8 {[%emt 0:01:18]} 22. Red1 {[%emt 0:02:21]} Bc6 {[%emt 0:05:57]} 23. Be3 {[%emt 0:01:50]} Rd7 {[%emt 0:02:38]} 24. Rxd7+ {[%emt 0:00:06]} Bxd7 {[%emt 0:00:06]} 25. Rd1 {[%emt 0:00:01]} Bc6 {[%emt 0:00:22]} 26. Bb6 {[%emt 0:00:12]} Re8 {[%emt 0:01:10]} 27. Bd8 {[%emt 0:00:38]} h6 $11 {[%emt 0:00:03]} 28. h4 {[%emt 0:00:13]} Rg8 {[%emt 0:00:51]} 29. Bf6 {[%emt 0:03:09]} Rc8 {[%emt 0:01:52]} 30. Bd8 {[%emt 0:00:53]} Ke8 {[%emt 0:00:50]} 31. Bb6 {[%emt 0:01:20]} g5 {[%emt 0:03:48]} 32. hxg5 {[%emt 0:00:11]} hxg5 {[%emt 0:00:06]} 33. Kf2 {[%emt 0:00:07]} Kf7 {[%emt 0:00:08]} 34. Bd8 {[%emt 0:01:13]} g4 {[%emt 0:00:14]} 35. g3 {[%emt 0:00:35]} b5 {[%emt 0:04:45]} 36. cxb5 {[%emt 0:01:23]} axb5 {[%emt 0:01:26]} 37. Ra1 {[%emt 0:02:35]} 1/2-1/2

[Event "10th LCC FIDE Open 2018"]
[Site "London"]
[Date "2018.12.12"]
[Round "4"]
[White "Haribalu, V.."]
[Black "Cramling Bellon, Anna"]
[Result "1-0"]
[WhiteElo "2208"]
[BlackElo "1927"]
[Annotator "NA"]
[PlyCount "71"]
[EventDate "2018.12.09"]
[EventType "swiss"]
[EventCountry "ENG"]
[SourceTitle "playchess.com"]
[Source "ChessBase"]
[SourceQuality "1"]
[TimeControl "40/5400+30:1800+30"]

1. e4 {[%emt 0:00:00]} c5 {[%emt 0:00:00]} 2. d4 {[%emt 0:00:00]} cxd4 {[%emt 0:00:00]} 3. c3 {[%emt 0:00:00]} dxc3 {[%emt 0:02:20]} 4. Nxc3 {[%emt 0:00:00]} Nc6 {[%emt 0:00:06]} 5. Nf3 {[%emt 0:00:42]} e6 {[%emt 0:00:19]} 6. Bc4 {[%emt 0:00:36]} Qc7 {[%emt 0:00:21]} 7. O-O {[%emt 0:00:43]} Nf6 {[%emt 0:00:13]} 8. Nb5 {[%emt 0:01:48]} Qb8 {[%emt 0:00:25]} 9. e5 {[%emt 0:02:20]} Nxe5 {[%emt 0:28:54] LiveBook: 7 Games} (9... Ng4 $11) 10. Nxe5 {[%emt 0:06:37] B21: Sicilian: 2 f4 and Morra Gambit} Qxe5 {[%emt 0:00:08]} 11. Re1 {[%emt 0:01:52]} Qb8 {[%emt 0:18:01]} (11... Qc5 $16 12. Bf1 Nd5) 12. Qd4 {[%emt 0:04:07]} b6 $146 {[%emt 0:21:51]} (12... Nh5 {was called for.}) ({Predecessor:} 12... d6 13. Bf4 Bd7 14. Rac1 a6 15. Nxd6+ Bxd6 16. Bxd6 Qd8 17. f4 b5 {1-0 (26) Poulheim,K (2388)-Van Gysel,M (2354) ICCF email 2004}) 13. Bf4 {[%emt 0:13:23]} Bc5 {[%emt 0:03:54]} 14. Qd2 {[%emt 0:40:15]} Qb7 {[%emt 0:00:06]} 15. Nc7+ {[%emt 0:00:07]} Kf8 {[%emt 0:13:29]} 16. b4 {[%emt 0:02:54]} ({Don't take} 16. Nxa8 $6 Qxa8 17. Bd6+ Bxd6 $16) 16... Be7 {[%emt 0:01:42]} 17. Ba6 {[%emt 0:01:57]} Qxa6 {[%emt 0:06:06]} 18. Nxa6 {[%emt 0:00:09]} Bxa6 {[%emt 0:00:02]} 19. Bd6 {[%emt 0:01:46]} Bb7 {[%emt 0:00:23]} 20. Rac1 {[%emt 0:02:59]} Nd5 {[%emt 0:00:09]} 21. Bxe7+ {[%emt 0:00:07]} Kxe7 {[%emt 0:00:17]} 22. Qg5+ {[%emt 0:00:09]} Nf6 {[%emt 0:00:23]} 23. f3 {[%emt 0:01:38]} Rac8 {[%emt 0:01:18]} (23... h6 {was necessary.} 24. Qg3 Bc6) 24. Kf2 {[%emt 0:00:01]} Bd5 {[%emt 0:00:25]} 25. a3 {[%emt 0:01:10]} h6 {[%emt 0:00:25]} 26. Rxc8 {[%emt 0:01:30]} Rxc8 {[%emt 0:00:09]} 27. Qxg7 {[%emt 0:00:02]} h5 {[%emt 0:00:54]} 28. Qg5 {[%emt 0:00:06]} Rc3 {[%emt 0:00:49]} 29. Re3 {[%emt 0:04:16]} Rc2+ {[%emt 0:00:19]} 30. Re2 {[%emt 0:00:02]} Rc3 {[%emt 0:00:13]} 31. Rd2 {[%emt 0:00:30]} Bc4 {[%emt 0:01:11]} 32. Rd4 {[%emt 0:00:02]} Rc2+ $18 {[%emt 0:00:35]} 33. Kg3 {[%emt 0:00:28]} Bf1 {[%emt 0:00:08]} 34. Rd2 {[%emt 0:00:01]} Rc3 {[%emt 0:00:50]} 35. a4 {[%emt 0:00:06]} Rc4 {[%emt 0:00:12]} 36. Kf2 {[%emt 0:00:12]} 1-0

[Event "10th LCC FIDE Open 2018"]
[Site "London"]
[Date "2018.12.12"]
[Round "4"]
[White "Brooks, Phil J"]
[Black "Istratescu, Andrei"]
[Result "0-1"]
[WhiteElo "2184"]
[BlackElo "2564"]
[Annotator "TA"]
[PlyCount "64"]
[EventDate "2018.12.09"]
[EventType "swiss"]
[EventCountry "ENG"]
[SourceTitle "playchess.com"]
[Source "ChessBase"]
[SourceQuality "1"]

{[%evp 20,64,73,0,6,0,0,0,0,0,3,0,0,0,17,-19,-22,-90,-85,-93,-93,-108,-106,-128,-124,-125,-135,-135,-133,-173,-156,-184,-167,-151,-152,-166,-153,-167,-161,-349,-337,-341,-342,-616,-617,-840,-645]} 1. d4 Nf6 2. c4 g6 3. Nc3 Bg7 4. e4 d6 5. h3 O-O 6. Bg5 Na6 7. Bd3 Qe8 8. Nge2 e5 9. d5 Nh5 {E71: King's Indian: 4 e4 d6 5 h3} 10. Qd2 f5 11. O-O-O {LiveBook: 3 Games} ({White should try} 11. exf5 $16 gxf5 12. O-O) 11... Nc5 $11 {The position is equal.} 12. f3 $146 ({Predecessor:} 12. Bc2 fxe4 13. Be3 Nf4 14. Bxc5 Nd3+ 15. Bxd3 exd3 16. Qxd3 dxc5 {0-1 (38) Avrukh,B (2495)-Smirin,I (2615) Tel Aviv 1996}) 12... Nxd3+ 13. Qxd3 f4 14. Bh4 Rf7 15. Bf2 Bf8 16. Kb1 Nf6 17. Nc1 c5 18. Nb5 (18. dxc6 $11 {remains equal.} bxc6 19. Qc2) 18... a6 $17 {[%cal Ba7a6,Ba6a5,Ba5a4][%mdl 32]} 19. Na3 Bd7 20. Nb3 b5 {[%cal Bb7b5,Bb5b4,Bb4b3][%mdl 32]} 21. Be1 b4 22. Nc2 a5 23. Nc1 Bc8 24. Bd2 a4 25. Ne2 Nd7 {[%cal Bf6d7,Bd7b6,Bb6c4][%mdl 32]} 26. a3 b3 27. Ne1 Nb6 28. Rc1 Ba6 $1 29. g3 $2 {[#]} (29. Ka1) 29... Nxc4 $1 $19 30. Rxc4 {[%cal Rg3f4] [#]} Qb5 $1 31. Nxf4 $2 (31. gxf4 Qxc4 32. Qxc4 Bxc4 33. Nc1) 31... exf4 (31... Qxc4 $2 32. Qxc4 Bxc4 33. Ne6 $19) 32. Rc3 Qe8 {Accuracy: White = 33%, Black = 92%.} 0-1

[Event "10th LCC FIDE Open 2018"]
[Site "London"]
[Date "2018.12.12"]
[Round "4"]
[White "McClement, Andrew"]
[Black "Hunt, Harriet V"]
[Result "1-0"]
[WhiteElo "2182"]
[BlackElo "2440"]
[Annotator "TA"]
[PlyCount "61"]
[EventDate "2018.12.09"]
[EventType "swiss"]
[EventCountry "ENG"]
[SourceTitle "playchess.com"]
[Source "ChessBase"]
[SourceQuality "1"]

{[%evp 28,61,11,0,0,0,0,0,0,0,0,-59,-28,-40,-23,-28,-20,-39,0,0,0,0,118,97,133,127,1061,1058,1052,1054,1010,993,996,986,1356,1285]} 1. e4 c5 2. Nf3 d6 3. d4 cxd4 4. Nxd4 Nf6 5. Nc3 a6 6. Be3 e5 7. Nb3 Be6 8. f3 h5 9. Qd2 Nbd7 10. O-O-O Qc7 {B90: Sicilian Najdorf: Unusual White 6th moves, 6 Be3 Ng4 and 6 Be3 e5} (10... b5 11. Kb1 Rc8 12. g3 Be7 13. Nd5 Nxd5 14. exd5 Bf5 15. Bd3 Bxd3 16. Qxd3 O-O 17. Rhg1 f5 18. h3 {1-0 (47) Aronian,L (2767)-Vachier Lagrave,M (2779) Saint Louis 2018}) 11. Kb1 Be7 12. h3 Rc8 13. Bd3 h4 14. f4 {[%cal Bf3f4,Bf4f5][%mdl 32]} b5 15. Rhe1 {LiveBook: 57 Games} O-O 16. f5 Bc4 $1 17. g4 hxg3 18. Rg1 Nh5 19. Rc1 $146 (19. Bxc4 $11 bxc4 20. Nd5) ({Predecessor:} 19. Bxc4 bxc4 {0-1 (57) Kahl,F (2470)-Pietrzak,J (2355) ICCF email 2013}) 19... Ndf6 {...a5 is the strong threat.} (19... d5 $5 20. Nxd5 Bxd5 21. exd5 Ndf6 $17) 20. Ne2 d5 21. Nxg3 Nf4 $1 {White should prevent ...Rfd8.} 22. Ne2 $1 {[%cal Re2f4]} Nxe4 {[%mdl 64] [#] Overworked Piece} (22... N6h5 $5 {[%cal Rd5e4]} 23. Nxf4 exf4 $15) 23. Bxe4 Nxe2 24. Bh6 $1 Nxg1 (24... dxe4 25. Bxg7 f6 26. Qh6 $18) (24... g6 $1 $11 25. Bxf8 dxe4 26. Bxe7 Qxe7) 25. Bxg7 $1 $16 {White threatens f6 and mate.} f6 ({Worse is} 25... dxe4 26. Qh6 f6 27. Rxg1 Qb6 28. Rg4 Qg1+ 29. Rxg1 Rfd8 30. Bxf6+ Kf7 31. Qh7+ Kxf6 32. Qg6#) (25... Nxh3 26. f6 Nf4 27. Qh2 Ng6 28. Rh1 Nh4 29. Qxh4 dxe4 30. Qh8#) 26. Rxg1 $40 {[%mdl 128] Intending Qg2 and mate. Black is in trouble.} Bc5 $2 {[%mdl 8192]} (26... Kf7 $16 27. Bxd5+ (27. Bxf8 dxe4 28. Bxe7 Kxe7 $11) 27... Ke8) 27. Bxf6+ $18 {[%mdl 64] [#] Discovered Attack. White is clearly winning.} Kf7 28. Rg7+ {[%mdl 64] Skewer} Ke8 29. Rxc7 Rxc7 30. Bxe5 Rc8 31. Nxc5 {Accuracy: White = 78%, Black = 35%.} 1-0

[Event "10th LCC FIDE Open 2018"]
[Site "London"]
[Date "2018.12.12"]
[Round "4"]
[White "Quinn, John M"]
[Black "Elsness, Frode"]
[Result "0-1"]
[WhiteElo "2160"]
[BlackElo "2447"]
[Annotator "NA"]
[PlyCount "64"]
[EventDate "2018.12.09"]
[EventType "swiss"]
[EventCountry "ENG"]
[SourceTitle "playchess.com"]
[Source "ChessBase"]
[SourceQuality "1"]
[TimeControl "40/5400+30:1800+30"]

{[%evp 8,61,9,16,32767,32767,32767,10,0,0,0,32767,32767,10,9,32767,0,0,0,-1,10,9,17,32767,32767,0,7,-18,-6,-17,-15,-16,-31,-27,-4,0,0,-75,-69,32767,32767,-104,-85,32767,-182,-183,32767,-199,32767,-529,32767,32767,32767,32767,-574,-625]} 1. d4 {[%emt 0:00:00]} Nf6 {[%emt 0:08:19]} 2. c4 {[%emt 0:00:00]} e6 {[%emt 0:00:15]} 3. Nc3 {[%emt 0:00:00]} Bb4 {[%emt 0:00:03]} 4. Qc2 {[%emt 0:00:00]} d5 {[%emt 0:00:06]} 5. cxd5 {[%emt 0:00:00]} exd5 {[%emt 0:00:05]} 6. Bg5 {[%emt 0:00:01]} h6 {[%emt 0:00:24]} 7. Bxf6 {[%emt 0:01:34]} Qxf6 {[%emt 0:00:09]} 8. a3 {[%emt 0:00:07]} Bxc3+ {[%emt 0:00:09]} 9. Qxc3 {[%emt 0:00:09]} c6 {[%emt 0:02:52]} 10. e3 {[%emt 0:01:37]} O-O {[%emt 0:02:44]} 11. Nf3 {[%emt 0:01:05]} Bf5 {[%emt 0:00:59]} 12. Be2 {[%emt 0:01:42]} Nd7 {[%emt 0:01:48]} 13. b4 {[%emt 0:04:43] E35: Nimzo-Indian: Classical: 4...d5 5 cxd5 exd5} (13. O-O Bg4 14. Qb4 Bxf3 15. Bxf3 Rfb8 16. Bg4 a5 17. Qb3 Qd6 18. Bxd7 Qxd7 19. Rac1 a4 20. Qb4 Qd8 21. Rc5 Ra6 22. Rfc1 Qb6 23. Qd2 Qd8 24. Qb4 Qb6 25. Qd2 Qd8 26. Qb4 {½-½ (26) Bu,X (2695)-Ni,H (2703) Danzhou 2015}) 13... Rfe8 {[%emt 0:03:29]} 14. O-O {[%emt 0:01:45] LiveBook: 11 Games} g5 {[%emt 0:01:34]} 15. Rfc1 {[%emt 0:05:07]} Rac8 {[%emt 0:13:06]} 16. a4 $146 {[%emt 0:08:57]} ({Predecessor:} 16. Ne1 g4 17. Nd3 Bxd3 18. Bxd3 h5 19. Qc2 Nf8 20. Ra2 Ne6 21. Qb3 Ng5 22. a4 h4 23. Qd1 Qe6 24. Qc2 Ne4 {1-0 (24) Walther,E-Brady,L ICCF corr 1983}) 16... g4 {[%emt 0:05:25]} 17. Nd2 {[%emt 0:02:13]} h5 {[%emt 0:00:59]} 18. Bd3 {[%emt 0:25:58]} h4 {[%emt 0:07:19]} 19. Bxf5 {[%emt 0:07:23]} Qxf5 {[%emt 0:02:30]} 20. Qc2 {[%emt 0:05:29]} Qf6 {[%emt 0:04:01]} 21. Ra3 {[%emt 0:02:53]} Re6 {[%emt 0:08:00]} 22. e4 {[%emt 0:07:45]} (22. b5 $11) 22... Qxd4 {[%emt 0:10:49]} 23. Rd3 {[%emt 0:05:04]} Qf6 {[%emt 0:04:42]} 24. Rxd5 {[%emt 0:03:25]} (24. exd5 $11 Re2 25. Rf1) 24... Ne5 {[%emt 0:02:38]} 25. Nf1 {[%emt 0:05:29]} Rce8 {[%emt 0:05:18]} 26. Rc5 {[%emt 0:02:12]} h3 {[%emt 0:00:15]} 27. Ng3 {[%emt 0:03:45]} hxg2 {[%emt 0:01:21]} 28. Nf5 $2 {[%emt 0:00:52]} (28. Kxg2 {is tougher.} Qh8 {[#]} 29. h4 $1 {[%mdl 512]}) 28... Nf3+ {[%emt 0:02:07]} 29. Kxg2 {[%emt 0:00:07]} Rxe4 {[%emt 0:00:40]} 30. Qc3 {[%emt 0:02:01]} R8e5 {[%emt 0:02:09]} 31. Rxe5 $19 {[%emt 0:01:08]} Rxe5 {[%emt 0:00:54]} 32. Nd4 {[%emt 0:00:41]} Rd5 {[%emt 0:04:37]} 0-1

[Event "10th LCC FIDE Open 2018"]
[Site "London"]
[Date "2018.12.12"]
[Round "4"]
[White "Stone, Andrew M"]
[Black "Milliet, Sophie"]
[Result "0-1"]
[WhiteElo "2157"]
[BlackElo "2376"]
[Annotator "ChessBase"]
[PlyCount "88"]
[EventDate "2018.12.09"]
[EventType "swiss"]
[EventCountry "ENG"]
[SourceTitle "playchess.com"]
[Source "ChessBase"]
[SourceQuality "1"]
[TimeControl "40/5400+30:1800+30"]

1. Nf3 {[%emt 0:00:00]} Nf6 {[%emt 0:00:07]} 2. c4 {[%emt 0:00:00]} b6 {[%emt 0:00:09]} 3. e3 {[%emt 0:01:42]} Bb7 {[%emt 0:07:43]} 4. d4 {[%emt 0:00:45]} e6 {[%emt 0:00:15]} 5. Bd3 {[%emt 0:01:04]} d5 {[%emt 0:00:18]} 6. b3 {[%emt 0:04:11]} Nbd7 {[%emt 0:04:05]} 7. O-O {[%emt 0:01:12]} Bd6 {[%emt 0:00:41]} 8. Bb2 {[%emt 0:00:54]} Ne4 {[%emt 0:05:04]} 9. Nbd2 {[%emt 0:11:51]} O-O {[%emt 0:06:51]} 10. Qe2 {[%emt 0:19:20]} Qf6 {[%emt 0:05:06]} 11. cxd5 {[%emt 0:06:28]} exd5 {[%emt 0:00:09]} 12. Ba6 {[%emt 0:01:25]} Bxa6 {[%emt 0:04:42]} 13. Qxa6 {[%emt 0:00:05]} Qh6 {[%emt 0:00:21]} 14. Nxe4 {[%emt 0:15:27]} dxe4 {[%emt 0:00:07]} 15. Ne5 {[%emt 0:00:04]} f6 {[%emt 0:08:19]} 16. Ng4 {[%emt 0:00:39]} Qg5 {[%emt 0:10:15]} 17. h3 {[%emt 0:01:15]} h5 {[%emt 0:03:07]} 18. Nh2 {[%emt 0:00:29]} Qd5 {[%emt 0:20:52]} 19. Qc4 {[%emt 0:02:51]} Qxc4 {[%emt 0:00:46]} 20. bxc4 {[%emt 0:00:03]} f5 {[%emt 0:05:19]} 21. f4 {[%emt 0:12:58]} exf3 {[%emt 0:03:42]} 22. Nxf3 {[%emt 0:00:50]} Bg3 {[%emt 0:01:05]} 23. Bc3 {[%emt 0:01:44]} g6 {[%emt 0:01:38]} 24. Be1 {[%emt 0:00:35]} Bd6 {[%emt 0:00:02]} 25. Bh4 {[%emt 0:03:32]} Rae8 {[%emt 0:03:31]} 26. Bg5 {[%emt 0:04:09]} Nf6 {[%emt 0:00:19]} 27. Rfe1 {[%emt 0:00:49]} Ne4 {[%emt 0:01:15]} 28. Bf4 {[%emt 0:00:20]} Rf7 {[%emt 0:02:18]} 29. Bxd6 {[%emt 0:04:55]} cxd6 {[%emt 0:00:01]} 30. d5 {[%emt 0:00:10]} Rc7 {[%emt 0:02:01]} 31. Rac1 {[%emt 0:01:06]} Rec8 {[%emt 0:00:41]} 32. Nd4 {[%emt 0:00:20]} Rxc4 {[%emt 0:00:13]} 33. Nc6 {[%emt 0:00:24]} Rxc1 {[%emt 0:00:08]} 34. Rxc1 {[%emt 0:00:01]} Kg7 {[%emt 0:00:07]} 35. Rc4 {[%emt 0:01:59]} Nf6 {[%emt 0:01:06]} 36. Rd4 {[%emt 0:01:50]} Nxd5 {[%emt 0:00:25]} 37. Nxa7 {[%emt 0:00:13]} Rc1+ {[%emt 0:00:05]} 38. Kf2 {[%emt 0:01:40]} Nc3 {[%emt 0:00:33]} 39. a4 {[%emt 0:00:56]} Ne4+ {[%emt 0:00:21]} 40. Ke2 {[%emt 0:00:50]} Rc2+ {[%emt 0:00:37]} 41. Kf1 {[%emt 0:01:05]} Rc1+ {[%emt 0:03:52]} 42. Ke2 {[%emt 0:00:13]} Rg1 {[%emt 0:00:12]} 43. Nc8 {[%emt 0:02:43]} Rxg2+ {[%emt 0:01:20]} 44. Kf1 {[%emt 0:00:32]} Rc2 {[%emt 0:04:27]} 0-1

[Event "10th LCC FIDE Open 2018"]
[Site "London"]
[Date "2018.12.12"]
[Round "4"]
[White "Woong, Zhi Wei William"]
[Black "Bates, Richard A"]
[Result "1/2-1/2"]
[WhiteElo "2146"]
[BlackElo "2372"]
[Annotator "RC"]
[PlyCount "40"]
[EventDate "2018.12.09"]
[EventType "swiss"]
[EventCountry "ENG"]
[SourceTitle "playchess.com"]
[Source "ChessBase"]
[SourceQuality "1"]
[TimeControl "40/5400+30:1800+30"]

1. e4 {[%emt 0:00:00]} c5 {[%emt 0:00:00]} 2. Nf3 {[%emt 0:00:00]} e6 {[%emt 0:03:06]} 3. c3 {[%emt 0:00:00]} Nf6 {[%emt 0:00:35]} 4. e5 {[%emt 0:00:05]} Nd5 {[%emt 0:00:07]} 5. d4 {[%emt 0:00:16]} cxd4 {[%emt 0:00:10]} 6. cxd4 {[%emt 0:00:13]} d6 {[%emt 0:00:07]} 7. Nc3 {[%emt 0:06:00]} Nxc3 {[%emt 0:00:19]} 8. bxc3 {[%emt 0:00:05]} Qc7 {[%emt 0:00:15]} 9. Bd2 {[%emt 0:00:33]} Nd7 {[%emt 0:00:13]} 10. Ng5 {[%emt 0:04:26]} dxe5 {[%emt 0:47:10]} 11. Qh5 {[%emt 0:00:49]} Nb8 {[%emt 0:00:06]} 12. Nxh7 {[%emt 0:16:10]} exd4 {[%emt 0:00:36]} 13. cxd4 {[%emt 0:11:57]} Nc6 {[%emt 0:02:15]} 14. Nf6+ {[%emt 0:18:28]} gxf6 {[%emt 0:01:23]} 15. Qxh8 {[%emt 0:00:07]} Nxd4 {[%emt 0:02:37]} 16. Rc1 {[%emt 0:03:08]} Qe5+ {[%emt 0:01:33]} 17. Be3 {[%emt 0:00:27]} Qa5+ {[%emt 0:03:52]} 18. Bd2 {[%emt 0:00:42]} Qe5+ {[%emt 0:21:13]} 19. Be3 {[%emt 0:00:05]} Qa5+ {[%emt 0:00:02]} 20. Bd2 {[%emt 0:00:08]} Qe5+ {[%emt 0:03:12]} 1/2-1/2

[Event "10th LCC FIDE Open 2018"]
[Site "London"]
[Date "2018.12.12"]
[Round "4"]
[White "Willmoth, Robert F"]
[Black "Lane, Gary W"]
[Result "0-1"]
[WhiteElo "2144"]
[BlackElo "2353"]
[Annotator "NA"]
[PlyCount "64"]
[EventDate "2018.12.09"]
[EventType "swiss"]
[EventCountry "ENG"]
[SourceTitle "playchess.com"]
[Source "ChessBase"]
[SourceQuality "1"]
[TimeControl "40/5400+30:1800+30"]

{[%evp 14,64,27,-29,32767,32767,-10,-36,32767,-8,0,32767,32767,-115,-133,-139,-109,-115,32767,-127,-125,32767,-118,-128,32767,-127,-121,-145,-129,32767,-133,-152,32767,-128,32767,32767,32767,32767,-169,-166,32767,32767,32767,32767,32767,-166,32767,32767,32767,-242,32767,-150,-141]} 1. d4 {[%emt 0:00:00]} f5 {[%emt 0:00:00]} 2. Bf4 {[%emt 0:00:00]} Nf6 {[%emt 0:00:07]} 3. Nf3 {[%emt 0:00:00]} d6 {[%emt 0:05:03]} 4. h3 {[%emt 0:00:24]} g6 {[%emt 0:00:35] A80: Dutch Defence: Unusual White second moves} 5. e3 {[%emt 0:01:49]} Bg7 {[%emt 0:01:35]} 6. Bc4 {[%emt 0:00:28]} (6. Be2 O-O 7. O-O e6 8. Bh2 Nc6 9. Nbd2 Qe7 10. c3 b6 11. b4 a5 12. Qb3 Bb7 {½-½ (42) Aronian,L (2826)-Caruana,F (2781) Zuerich 2014}) 6... e6 {[%emt 0:06:04]} 7. Nbd2 {[%emt 0:05:28]} Qe7 {[%emt 0:04:35]} 8. Qe2 {[%emt 0:05:39]} (8. O-O $14) 8... Nc6 {[%emt 0:00:51]} 9. Bb5 $146 {[%emt 0:07:04]} ({Predecessor:} 9. Bh2 O-O 10. O-O h6 11. c3 {0-1 (37) Bayramov,V (2254)-Shimanov,A (2624) Baku 2014}) 9... O-O {[%emt 0:16:59]} 10. Bh2 {[%emt 0:05:28]} Bd7 {[%emt 0:04:05]} 11. O-O {[%emt 0:02:35]} a6 {[%emt 0:01:05]} 12. Ba4 {[%emt 0:11:01]} Nxd4 {[%emt 0:11:16]} 13. Nxd4 {[%emt 0:00:04]} Bxa4 {[%emt 0:00:05]} 14. Qc4 {[%emt 0:00:04]} Bd7 {[%emt 0:03:43]} 15. Qxc7 {[%emt 0:02:51]} e5 {[%emt 0:00:14]} 16. N4b3 {[%emt 0:01:11]} b5 {[%emt 0:05:36]} 17. Rac1 {[%emt 0:04:12] [#]} Qe6 {[%emt 0:08:16]} (17... a5 $1 $19 {[%mdl 512]} 18. Qc3 (18. Nxa5 Rfc8) 18... b4) 18. Qa5 {[%emt 0:02:02]} Rfc8 {[%emt 0:04:06]} 19. Rfd1 {[%emt 0:01:48]} g5 {[%emt 0:07:29]} 20. Nf1 {[%emt 0:06:03]} Bc6 {[%emt 0:03:55]} 21. Qd2 {[%emt 0:10:44]} Bf8 {[%emt 0:01:49]} 22. a3 {[%emt 0:03:06]} f4 {[%emt 0:01:12]} 23. Na5 {[%emt 0:05:45]} Be8 {[%emt 0:00:52]} 24. exf4 {[%emt 0:01:26]} gxf4 {[%emt 0:00:13]} 25. Qe2 {[%emt 0:00:39]} Qf5 {[%emt 0:02:37]} 26. Re1 {[%emt 0:07:18]} Ra7 {[%emt 0:01:42]} 27. Kh1 {[%emt 0:02:39]} Rg7 {[%emt 0:01:04]} 28. c3 {[%emt 0:00:47]} Bf7 {[%emt 0:00:29]} 29. Nd2 {[%emt 0:00:39]} Re8 {[%emt 0:01:39]} 30. f3 {[%emt 0:02:38]} d5 {[%emt 0:00:09]} 31. a4 {[%emt 0:02:45]} (31. b4 $142) 31... Qg5 {[%emt 0:00:46]} 32. axb5 $17 {[%emt 0:00:50]} axb5 {[%emt 0:00:03]} 0-1